Breve historia de los íberos
Gardado en:
| Autor Principal: | |
|---|---|
| Formato: | Libro |
| Idioma: | Lingua castelá |
| Publicado: |
Madrid, España
Ediciones Nowtilus S. L
2010
|
| Edición: | Segunda edición |
| Series: | Breve Historia
|
| Subjects: | |
| Tags: |
Engadir etiqueta
Sen Etiquetas, Sexa o primeiro en etiquetar este rexistro!
|
MARC
| LEADER | 00000cam a2200000 a 4500 | ||
|---|---|---|---|
| 001 | UCD6728 | ||
| 003 | CL-VaPUC | ||
| 005 | 20211020074458.0 | ||
| 008 | 170113e20100000sp |||||||||||||||||spa|d | ||
| 999 | |c 366917 |d 366915 | ||
| 020 | |a 9788497633536 | ||
| 040 | |c Pontificia Universidad Católica de Valparaíso | ||
| 082 | 0 | 4 | |a 936.6 BER 2010 |2 21 |
| 100 | 0 | |a Bermejo Tirado, Jesús |e author |9 590533 | |
| 245 | 1 | 0 | |a Breve historia de los íberos |
| 250 | |a Segunda edición | ||
| 260 | |a Madrid, España |b Ediciones Nowtilus S. L |c 2010 | ||
| 300 | |a 351 páginas | ||
| 490 | 0 | |a Breve Historia | |
| 583 | |a last modification |c 20170113 07:29:00 |k Rodrigo Vera | ||
| 650 | 7 | |a HISTORIA DE ESPAÑA MEDIEVAL |2 CL-VaPUC |9 458660 | |
| 650 | 0 | |a Historia antigua |z ESPAÑA |9 267521 | |
| 650 | 0 | |a Civilizaciones antiguas |x IBEROS |z ESPAÑA |9 265998 | |
| 650 | 7 | |a IBEROS |2 CL-VaPUC |9 317428 |z ESPAÑA | |
| 852 | |a BIBCUR | ||
| 942 | |c BK |2 ddc | ||
| 945 | |d 20170113 07:29:00 |a dcastane | ||
| 952 | |0 0 |1 0 |2 ddc |3 erb |4 0 |6 936_600000000000000_BER_2010 |7 0 |8 A |9 481554 |a BIBHIS |b BIBHIS |i 5359805 |o 936.6 BER 2010 |p 5359805 |r 2025-01-20 |t 1 |w 2019-11-24 |y BK |z Catalogado en:20170113 |k HIS | ||